00386nam a22001337a 450000500170000002000220001703500130003903700130005210000190006524500790008426000480016330000240021170000170023520120413144026.0 a8123717717c35.00 aA-980502 aDPLbENG aBeetham, David aDemocracy :b80 questions and answers /cby David Beetham and Kevind Boyle aNew DelhibNational Book Trust, Indiac1995 axix, 118p.c18 cms. aBoyle, Kevin